Obras Completas. Tomo XI
Đã lưu trong:
| Tác giả chính: | |
|---|---|
| Định dạng: | Sách |
| Ngôn ngữ: | Spanish |
| Được phát hành: |
Madrid, España
Alianza Editorial
1983
|
| Những chủ đề: | |
| Các nhãn: |
Thêm thẻ
Không có thẻ, Là người đầu tiên thẻ bản ghi này!
|
MARC
| LEADER | 00000nam a22000007a 4500 | ||
|---|---|---|---|
| 008 | 171129b xxu||||| |||| 00| 0 spa d | ||
| 040 | |a cru BVZT | ||
| 090 | |a 100 O-9o T.11 | ||
| 100 | |a Ortega y Gasset, José | ||
| 245 | |a Obras Completas. Tomo XI |c José Ortega y Gasset | ||
| 260 | |a Madrid, España |b Alianza Editorial |c 1983 | ||
| 300 | |a 539 páginas. Tomo XI | ||
| 650 | |a FILOSOFÍA | ||
| 650 | |a ESPAÑA 1922 - 1933 | ||
| 650 | |a LA REDENCIÓN DE LAS PROVINCIAS Y LA DECENCIA NACIONAL | ||
| 650 | |a RECTIFICACIÓN DE LA REPÚBLICA | ||
| 650 | |a EL ESTATUTO CATALÁN | ||
| 942 | |c SALA | ||
| 999 | |c 15411 |d 15411 | ||
